000 00793nam a22002411a 4500
001 24888
003 BD-RjUL
005 20211209001118.0
008 140315r19651929nyu b 001 0 eng d
035 _a(BD-RjUL)24957
040 _aLC
_beng
_cLC
_dABN-SNR
_dBD-RjUL
041 _aeng
082 0 4 _a901
_bHAS 1965
100 1 _aHaskins, Charles Homer,
_d1870-1937.
_976591
245 1 0 _aStudies in mediaeval culture /
_cCharles Homer Haskins.
260 _aNew York :
_bF. Ungar Pub. Co.,
_c1929 [reprinted 1965].
300 _aviii, 294 p. ;
_c23 cm.
504 _aIncludes bibliographical references and index.
650 0 _aCivilization, Medieval.
_976592
650 0 _aLatin literature, Medieval and modern
_xHistory and criticism.
_976593
942 _2ddc
_cBK
999 _c24888
_d24888